[Event "3rd XtraCon EMT"]
[Site "Borup DEN"]
[Date "2008.09.13"]
[Round "7"]
[White "De Verdier,M"]
[Black "Haznedaroglu,K"]
[Result "1/2-1/2"]
[WhiteElo "2222"]
[BlackElo "2444"]

1.Nf3 d5 2.d4 Nf6 3.c4 c6 4.Nc3 e6 5.e3 Nbd7 6.Bd3 Bd6 7.O-O O-O 8.Bd2 dxc4
9.Bxc4 b5 10.Bd3 Bb7 11.Rc1 Qb6 12.e4 e5 13.dxe5 Nxe5 14.Be3 Qd8 15.Nxe5 Bxe5
16.Qe2 Re8 17.Rfd1 Qb8 18.h3 a6 19.Qc2 Re6 20.Ne2 c5 21.Qxc5 Bxb2 22.Rb1 Be5
23.f3 Nd7 24.Qc1 Rc6 25.Qd2 Nc5 26.Rbc1 Nxd3 27.Rxc6 Bxc6 28.Qxd3 b4 29.Nd4 Ba4
30.Rb1 a5 31.Nf5 Qc7 32.Rc1 Qd7 33.Qxd7 Bxd7 34.Ne7+ Kf8 35.Nd5 Be6 36.Kf2 Bxd5
37.exd5 Ke8 38.Ke2 Kd7 39.Kd3 Kd6 40.Bd4 f6 41.Ke4 Bxd4 42.Kxd4 a4 43.Rb1 Rb8
44.Kc4 Rc8+ 45.Kd4 Rb8 46.Kc4 Rc8+ 47.Kd4 Rc2 48.Rxb4 Rd2+ 49.Kc4 Rc2+ 50.Kd4 Rd2+
51.Kc4 Rxa2 52.g4 a3 53.Rb6+ Kc7 54.Ra6 Rc2+ 55.Kd3 Rf2 56.Ke3 Ra2 57.Kd4 Ra1
58.Kc4 Kb7 59.Ra4 a2 60.Kb3 Rf1 61.Rxa2 Rxf3+ 62.Kc4 Rxh3 63.Kc5 h5 64.gxh5  1/2-1/2

[Event "I Tancats B"]
[Site "Canovelles ESP"]
[Date "2008.09.13"]
[Round "1"]
[White "Fernandez Aguado,E"]
[Black "Panelo,M"]
[Result "1-0"]
[WhiteElo "2337"]
[BlackElo "2414"]

1.d4 d5 2.c4 c6 3.Nf3 Nf6 4.Nc3 e6 5.e3 Nbd7 6.Qc2 Bd6 7.Bd3 O-O 8.O-O dxc4
9.Bxc4 b5 10.Bd3 Bb7 11.a3 Qb8 12.h3 Rc8 13.e4 c5 14.Bxb5 cxd4 15.Bxd7 Bxe4
16.Qxe4 dxc3 17.Qa4 Nxd7 18.Qxd7 Rd8 19.Qa4 cxb2 20.Rb1 Bxa3 21.Qxa3 bxc1=Q
22.Rfxc1 Qf4 23.Qa6 h6 24.Rc4 Qf5 25.Rbc1 Rd5 26.Rd4 Rxd4 27.Nxd4 Qf4 28.Ne2 Qb4
29.Ra1 g6 30.Ng3 h5 31.Nf1 Qe4 32.Ne3 Qb4 33.Qc6 Rd8 34.Qc7 Rd2 35.Qxa7 Qb2
36.Nc4  1-0

[Event "XXV Aniversario"]
[Site "Parla ESP"]
[Date "2008.09.13"]
[Round "8"]
[White "Serrano Salvador,E"]
[Black "Baigorri Navarro,F"]
[Result "1-0"]
[WhiteElo "2341"]
[BlackElo "2178"]

1.d4 d5 2.c4 c6 3.Nf3 Nf6 4.Nc3 e6 5.e3 Nbd7 6.Bd3 dxc4 7.Bxc4 b5 8.Be2 Bb7
9.O-O Be7 10.e4 b4 11.e5 bxc3 12.exf6 Bxf6 13.bxc3 O-O 14.Rb1 Qc7 15.Bd3 c5
16.Ng5 g6 17.Qg4 cxd4 18.cxd4 h5 19.Qh3 Bxd4 20.Bxg6 fxg6 21.Qxe6+ Kh8 22.Qe7  1-0

[Event "VII Open"]
[Site "Bergamo ITA"]
[Date "2008.09.14"]
[Round "5"]
[White "Reduzzi,M"]
[Black "Corbellini,N"]
[Result "1/2-1/2"]
[WhiteElo "2093"]
[BlackElo "1963"]

1.d4 d5 2.Nf3 Nf6 3.c4 e6 4.Nc3 c6 5.e3 Nbd7 6.Qc2 Bd6 7.b3 O-O 8.Be2 b6
9.O-O Bb7 10.e4 e5 11.Bb2 Qe7 12.dxe5 Nxe5  1/2-1/2

[Event "4th Pichay Cup"]
[Site "Manila PHI"]
[Date "2008.09.14"]
[Round "1"]
[White "Li Shilong"]
[Black "Andador,R"]
[Result "1-0"]
[WhiteElo "2511"]
[BlackElo "2335"]

1.d4 d5 2.c4 c6 3.Nf3 Nf6 4.Nc3 e6 5.e3 Nbd7 6.Bd3 Bd6 7.O-O O-O 8.e4 dxc4
9.Bxc4 e5 10.Bg5 Qe7 11.Bb3 Bc7 12.d5 h6 13.Bh4 g5 14.Bg3 Nc5 15.Nd2 Rd8
16.Re1 Nd3 17.Re2 Nh5 18.Nc4 Nxg3 19.hxg3 Nc5 20.Rd2 Qf6 21.Bc2 b5 22.Ne3 Ba5
23.dxc6 Rxd2 24.Qxd2 Qxc6 25.Ned5 Bd8 26.b4 Ne6 27.a4 bxa4 28.Bxa4 Qb7 29.Ne2 Qa6
30.Qb2 Bb7 31.b5 Qd6 32.Rd1 Nc5 33.Bc2 Rc8 34.g4 Qe6 35.Ng3 f6 36.Nf5 Kh7
37.Qa3 a6 38.Qh3 Kg8 39.Qxh6 Kf7 40.Bb3 Nxb3 41.Qg7+ Ke8 42.Qxb7 Kf8 43.bxa6 Nc5
44.Qg7+ Ke8 45.a7 Nxe4 46.Qh8+ Kf7 47.Qh7+ Kf8 48.Nh6  1-0

[Event "Open"]
[Site "Miami USA"]
[Date "2008.09.14"]
[Round "8"]
[White "Mikhalevski,V"]
[Black "Robson,R"]
[Result "1/2-1/2"]
[WhiteElo "2592"]
[BlackElo "2441"]

1.d4 d5 2.c4 e6 3.Nf3 Nf6 4.Nc3 c6 5.e3 Nbd7 6.Bd3 dxc4 7.Bxc4 b5 8.Bd3 Bb7
9.a3 b4 10.Ne4 bxa3 11.O-O Nxe4 12.Bxe4 Nf6 13.Bd3 axb2 14.Bxb2 Be7 15.Ne5 O-O
16.Qf3 Qb6 17.Rfb1 a5 18.Qh3 Qc7 19.g4 g6 20.Rc1 Nd7 21.Nf3 Bf6 22.Rab1 Rfe8
23.Nd2 Rab8 24.Ne4 Be7 25.Qh6 Bf8 26.Qh4 c5 27.dxc5 Bxe4 28.Bxe4 Bxc5 29.Ba1 Rxb1
30.Rxb1 Be7 31.Qg3 Qxg3+ 32.hxg3 Ra8  1/2-1/2

[Event "61st ch-RUS HL"]
[Site "Novokuznetsk RUS"]
[Date "2008.09.14"]
[Round "11"]
[White "Khismatullin,D"]
[Black "Potkin,V"]
[Result "1/2-1/2"]
[WhiteElo "2613"]
[BlackElo "2629"]

1.c4 e6 2.d4 d5 3.Nf3 Nf6 4.Nc3 c6 5.e3 Nbd7 6.Qc2 Bd6 7.Bd3 O-O 8.O-O dxc4
9.Bxc4 b5 10.Bd3 Bb7 11.a3 a5 12.Bd2 Rc8 13.e4 e5 14.Rfe1 exd4 15.Nxd4 Ne5
16.Bf1 Bxa3 17.Rxa3 b4 18.Raa1 Qxd4 19.Be3 Qd6 20.Ne2 c5 21.Ng3 Qc7 22.b3 Neg4
23.Bg5 Rfe8 24.Bb5 Rxe4 25.h3 Qe5 26.Qd2 Nxf2 27.Kxf2 h6 28.Bxf6 Qxf6+ 29.Kg1 Rd4
30.Qe3 Rcd8 31.Rf1 Qg6 32.Ra2 a4 33.Rxa4 Rd2 34.Rf2 Rxf2 35.Qxf2 Qb1+ 36.Kh2 Qxb3
37.Ra7 Qd5 38.Qe2 Rb8 39.Bc4 Qd6 40.Qa2 Kh8 41.Bxf7 Qb6 42.Ra4 Rf8 43.Qe6 Qxe6
44.Bxe6 Rf2 45.Ra2 Rxa2 46.Bxa2 g6 47.Nf1 Kg7 48.Ne3 Kf6 49.Nc4 Bd5 50.Kg1 h5
51.Kf2 h4 52.Bb3 g5 53.Nd2 Bxb3 54.Nxb3 c4 55.Na5 c3 56.Ke3 c2 57.Nb3 Ke5
58.Nc1 Kf5 59.Ne2 Ke5 60.Nc1 Kf5 61.Ne2 Ke5 62.Nc1 Kf5  1/2-1/2

[Event "EYb12"]
[Site "Herceg Novi MNE"]
[Date "2008.09.15"]
[Round "1"]
[White "Yuffa,D"]
[Black "Michalko,P"]
[Result "0-1"]
[WhiteElo "2109"]
[BlackElo "1745"]

1.d4 d5 2.c4 c6 3.Nc3 Nf6 4.Nf3 e6 5.e3 Nbd7 6.Qc2 Bd6 7.g4 dxc4 8.Bxc4 e5
9.g5 Nd5 10.Bd2 O-O 11.Nxd5 cxd5 12.Bxd5 exd4 13.Nxd4 Qxg5 14.Be4 Nf6 15.O-O-O Nxe4
16.Qxe4 Qe5 17.Qd3 Be6 18.Bc3 Qd5 19.Rhg1 Be5 20.Nxe6 Qxe6 21.Bxe5 Qxe5 22.Qd4 f6
23.Kb1 Qxd4 24.Rxd4 Rad8 25.Rgd1 Rxd4 26.Rxd4 g5 27.Kc2 Kg7 28.Kd3 f5 29.b4 Kf6
30.a4 Ke6 31.Rc4 Rd8+ 32.Ke2 Rd7 33.Rc5 Rd5 34.Rc7 Rd7 35.Rc8 g4 36.Re8+ Kf7
37.Re5 Kf6 38.Rc5 Ke6 39.Rc8 Kf7 40.Kf1 Kg6 41.Kg2 Re7 42.Rc4 Re4 43.Rc7 Rxb4
44.Kg3 a5 45.Rd7 Rxa4 46.Rxb7 Ra2 47.Ra7 a4 48.Ra6+ Kg5 49.Ra5 h5 50.h4+ gxh3
51.f4+ Kf6 52.Ra6+ Kf7 53.Kxh3 a3 54.Kg3 Ra1 55.Kh2 a2 56.Kg2 h4 57.Kh2 h3
58.Ra7+ Kf6 59.Ra5 Ke6 60.Re5+ Kd6 61.Ra5 Kc6 62.Ra6+ Kb5 63.Ra8 Kc4 64.Rc8+ Kd3
65.Rd8+ Kxe3 66.Re8+ Kxf4 67.Ra8 Kf3 68.Ra3+ Ke2 69.Ra8 f4 70.Rc8 Kd3 71.Rd8+ Ke4
72.Re8+ Kd5 73.Rd8+ Ke6 74.Re8+ Kd7 75.Ra8 f3  0-1

[Event "IV Geller Memorial"]
[Site "Odessa UKR"]
[Date "2008.09.15"]
[Round "7"]
[White "Golovlev,N"]
[Black "Sodol,G"]
[Result "1-0"]
[WhiteElo "2332"]
[BlackElo "2378"]

1.d4 d5 2.c4 e6 3.Nc3 c6 4.e3 Nf6 5.Nf3 Nbd7 6.Qc2 Bd6 7.b3 O-O 8.Bb2 Qe7
9.Be2 Re8 10.O-O b6 11.e4 dxe4 12.Nxe4 Nxe4 13.Qxe4 Bb7 14.Bd3 Nf8 15.Qg4 Ba3
16.Bc3 Bb4 17.Bxb4 Qxb4 18.Rad1 Rad8 19.Qh4 Qe7 20.Qxe7 Rxe7 21.b4 Ng6 22.Rfe1 c5
23.Bxg6 hxg6 24.dxc5 Rxd1 25.Rxd1 Bxf3 26.Rd8+ Kh7 27.gxf3 bxc5 28.b5 Rc7
29.a4 Kh6 30.Rd6 Kg5 31.Rc6 Rd7 32.Rxc5+ Kf4 33.Kg2 g5 34.a5 Rb7 35.Rc6 e5
36.b6 axb6 37.axb6 f5 38.c5  1-0

[Event "EYb18"]
[Site "Herceg Novi MNE"]
[Date "2008.09.16"]
[Round "2"]
[White "Lichmann,P"]
[Black "Dzalbo,A"]
[Result "0-1"]
[WhiteElo "2375"]
[BlackElo "2102"]

1.d4 Nf6 2.c4 c6 3.Nc3 d5 4.Nf3 e6 5.e3 Nbd7 6.Qc2 Bd6 7.g4 Nxg4 8.Rg1 Nxh2
9.Nxh2 Bxh2 10.Rxg7 Nf8 11.Rg2 Bd6 12.e4 Ng6 13.e5 Be7 14.cxd5 exd5 15.Bd3 Bh3
16.Rg3 Qd7 17.Be3 Bg4 18.Kd2 Nxe5 19.dxe5 d4 20.Rag1 dxe3+ 21.Kxe3 h5 22.Ne4 O-O-O
23.Nd6+ Bxd6 24.Rxg4 Bc5+ 25.Ke2 Qxd3+  0-1

[Event "II ROMGAZ Open"]
[Site "Bucharest ROU"]
[Date "2008.09.17"]
[Round "7"]
[White "Manea,Al"]
[Black "Savchenko,S"]
[Result "0-1"]
[WhiteElo "2357"]
[BlackElo "2557"]

1.d4 d5 2.c4 c6 3.Nf3 Nf6 4.Nc3 e6 5.e3 Nbd7 6.Bd3 dxc4 7.Bxc4 b5 8.Bd3 Bb7
9.a3 Bd6 10.Qc2 a5 11.O-O O-O 12.e4 e5 13.dxe5 Nxe5 14.Nxe5 Bxe5 15.h3 h6
16.Be3 Re8 17.Ne2 Bxb2 18.Rad1 Bxa3 19.Bxb5 Qe7 20.Bd3 c5 21.Ng3 Nxe4 22.Nf5 Qf6
23.Qb3 Bb4 24.Bxe4 Bxe4 25.Nd6 Qg6 26.Nxe4 Qxe4 27.Qa4 Re6 28.Kh1 Rae8 29.Rc1 c4
30.Rcd1 c3 31.Rd4 Qc6 32.Qc2 Rd6 33.Rh4 Red8 34.Rg1 Rd3 35.Rg4 Kh8 36.Rg3 Qd5  0-1

[Event "EYg16"]
[Site "Herceg Novi MNE"]
[Date "2008.09.17"]
[Round "3"]
[White "Repina,V"]
[Black "Papp,P"]
[Result "1-0"]
[WhiteElo "2201"]
[BlackElo "2118"]

1.d4 d5 2.c4 e6 3.Nc3 c6 4.Nf3 Nf6 5.e3 Nbd7 6.Bd3 dxc4 7.Bxc4 b5 8.Bd3 a6
9.O-O c5 10.a4 b4 11.Ne4 Bb7 12.Ng3 Be7 13.Re1 O-O 14.e4 cxd4 15.e5 Nd5 16.Nxd4 Re8
17.Qg4 Nf8 18.Kh1 Ng6 19.Nh5 Ndf4 20.Bxf4 Qxd4 21.Bxg6 hxg6 22.Nxg7 Bxg2+
23.Kxg2 Qd5+ 24.Qf3 Qxf3+ 25.Kxf3 Kxg7 26.Rac1 Rac8 27.Ke4 Rc5 28.Be3 Rcc8
29.Red1 Rh8 30.Rd7 Rxc1 31.Bxc1 Bc5 32.Bg5 Rxh2 33.Bf6+ Kh6 34.Rd8  1-0

[Event "USCL 2008"]
[Site "ICC INT"]
[Date "2008.09.17"]
[Round "4"]
[White "Kuljasevic,D"]
[Black "Becerra Rivero,J"]
[Result "1-0"]
[WhiteElo "2501"]
[BlackElo "2598"]

1.d4 d5 2.c4 c6 3.Nf3 Nf6 4.Nc3 e6 5.e3 Nbd7 6.Qc2 Bd6 7.b3 O-O 8.Be2 a6
9.O-O e5 10.cxd5 cxd5 11.dxe5 Nxe5 12.Bb2 Nxf3+ 13.Bxf3 Qc7 14.h3 Be6 15.Rfd1 Rad8
16.Rac1 Qe7 17.Ne2 Rc8 18.Qd2 Ba3 19.Nf4 Rc6 20.Rxc6 bxc6 21.Rc1 Rc8 22.Nd3 h6
23.Qa5 Bxb2 24.Nxb2 c5 25.Qxa6 c4 26.bxc4 dxc4 27.Rxc4 Rb8 28.Rc2 Bf5 29.Rd2 Ne4
30.Bxe4 Bxe4 31.Qe2 Rc8 32.Nd3 Rc3 33.Nf4 Rc1+ 34.Rd1 Rc2 35.Rd2 Rc1+ 36.Rd1 Rc2
37.Qb5 Rxa2 38.Qb8+ Kh7 39.Rd8 g6 40.Re8 Qh4 41.Rh8+ Kg7 42.Qf8+ Kf6 43.Qd8+  1-0

[Event "IV Geller Memorial"]
[Site "Odessa UKR"]
[Date "2008.09.17"]
[Round "9"]
[White "Khachatryan,V2"]
[Black "Dolzhikova,K"]
[Result "1-0"]
[WhiteElo "2102"]
[BlackElo "2339"]

1.d4 d5 2.c4 c6 3.Nc3 Nf6 4.e3 e6 5.Nf3 Nbd7 6.Bd3 dxc4 7.Bxc4 b5 8.Bd3 Bb7
9.O-O a6 10.a4 b4 11.Nb1 c5 12.a5 Bd6 13.Nbd2 O-O 14.Nc4 Bc7 15.Qe2 Ne4 16.Nfe5 Nxe5
17.dxe5 f5 18.f3 Ng5 19.Rd1 Qe7 20.Nd6 Bxd6 21.exd6 Qxd6 22.Bxf5 Qe7 23.Bg4 Rad8
24.Rxd8 Rxd8 25.e4 Nf7 26.Bf4 Qf6 27.Be3 Ne5 28.Bh3 c4 29.Rd1 Rxd1+ 30.Qxd1 c3
31.bxc3 bxc3 32.Qb3 Qe7 33.Qxc3 Qd6 34.Qd4 Qxd4 35.Bxd4 Nc6 36.Bxe6+ Kf8
37.Bc3 g6 38.Kf2 Ke7 39.Bg8 h5 40.h4 Nd8 41.Ke3 Ne6 42.g4 Bc8 43.gxh5 gxh5
44.Bxe6 Bxe6 45.f4 Bb3 46.f5 Bd1 47.e5 Kf7 48.Kf4 Bg4 49.e6+  1-0

[Event "4th Pichay Cup"]
[Site "Manila PHI"]
[Date "2008.09.18"]
[Round "8"]
[White "Cantonjos,A"]
[Black "Fernandez,Ern"]
[Result "1/2-1/2"]
[WhiteElo "2205"]
[BlackElo "2398"]

1.d4 d5 2.c4 e6 3.Nc3 c6 4.Nf3 Nf6 5.e3 Be7 6.Qc2 Nbd7 7.b3 b6 8.Bd3 Bb7
9.Bb2 a6 10.e4 dxe4 11.Nxe4 Nxe4 12.Bxe4 Nf6 13.Bd3 b5 14.O-O h6 15.Rfe1 O-O
16.c5 Nd5 17.a3 a5 18.Ne5 Qc7 19.Rad1 a4 20.b4 Rad8  1/2-1/2

[Event "I Tancats B"]
[Site "Canovelles ESP"]
[Date "2008.09.19"]
[Round "7"]
[White "Panelo,M"]
[Black "Almeida Toledano,D"]
[Result "1-0"]
[WhiteElo "2414"]
[BlackElo "2303"]

1.d4 d5 2.c4 c6 3.Nc3 Nf6 4.Nf3 e6 5.e3 a6 6.b3 Bb4 7.Bd2 Nbd7 8.Bd3 O-O
9.O-O Bd6 10.Rc1 h6 11.h3 Re8 12.e4 dxc4 13.bxc4 e5 14.c5 Bf8 15.Na4 exd4
16.Re1 Qc7 17.Bb1 Rb8 18.Nxd4 Ne5 19.Nf3 Be6 20.Bf4 Nfd7 21.Nd4 Rbd8 22.Nxe6 Rxe6
23.Qb3 Qa5 24.Be3 Qb5 25.f4  1-0

[Event "Chess City 10th Ann Open"]
[Site "Elista RUS"]
[Date "2008.09.19"]
[Round "5"]
[White "Burkhach,A"]
[Black "Sarmutkin,S"]
[Result "1-0"]
[WhiteElo "2137"]
[BlackElo "2045"]

1.d4 d5 2.Nf3 Nf6 3.c4 c6 4.Nc3 e6 5.e3 Nbd7 6.Bd3 dxc4 7.Bxc4 b5 8.Bd3 a6
9.O-O c5 10.Qe2 Bb7 11.dxc5 Bxc5 12.a3 O-O 13.e4 Qc7 14.Bg5 Bd6 15.Rac1 Qb8
16.Rfd1 Bf4 17.Bxf4 Qxf4 18.g3 Qg4 19.b4 Qh5 20.Qe3 Ng4 21.Qg5 Qxg5 22.Nxg5 Nde5
23.Be2 h6 24.Nh3 Nf6 25.f4 Nc4 26.Bxc4 bxc4 27.Rd4 Rad8 28.Rcd1 Rxd4 29.Rxd4 Rc8
30.Nf2 Kf8 31.Kf1 Ke7 32.Ke2 Rc7 33.Nfd1 g5 34.Ne3 gxf4 35.gxf4 Nh5 36.e5 f6
37.Nxc4 f5 38.Kd2 Bc6 39.a4 Bg2 40.b5 axb5 41.axb5 Ng7 42.b6 Rd7 43.Rxd7+ Kxd7
44.Na5 Nh5 45.Ke3 Ng7 46.Nb5 Kc8 47.Nd6+ Kb8 48.Nb3 Bd5 49.Nc5 Bg2 50.Nd7+ Ka8
51.Nf6 Kb8 52.Kd4 Bf3 53.Kc5 Bg2 54.Nc4 Kb7 55.Na5+ Ka6 56.Nc6 Kb7 57.Nd4 Bf1
58.Kd6 Bc4 59.Ke7 Kxb6 60.Kf7 Kc5 61.Kxg7 Kxd4 62.Kxh6 Ke3 63.Kg5  1-0

[Event "EYg12"]
[Site "Herceg Novi MNE"]
[Date "2008.09.19"]
[Round "5"]
[White "Hancu,O"]
[Black "Jacimovic,Sa"]
[Result "0-1"]
[WhiteElo "1518"]
[BlackElo "1799"]

1.d4 d5 2.c4 c6 3.e3 e6 4.Nf3 Nf6 5.Nc3 Nbd7 6.Bd3 Bd6 7.O-O O-O 8.Bd2 Re8
9.Rc1 Bb8 10.cxd5 exd5 11.b4 a6 12.Qb3 Nf8 13.h3 Ne4 14.Rfd1 Qf6 15.Be2 Ng6
16.Na4 Bc7 17.Nc3 Qd6 18.a4 Nh4 19.Ne5 Nxd2 20.Rxd2 f6 21.Ne4 Qe6 22.Nc5 Qd6
23.Ne4 Qe7 24.g3 fxe5 25.gxh4 Qxh4 26.Ng3 e4 27.Nf1 Re6 28.Bg4 Rg6 29.Ng3 Bxg4
30.hxg4 Qxg4 31.Kf1 Qf3 32.Qd1 Rxg3 33.Qxf3 Rxf3 34.Ke2 Raf8 35.Rf1 Bg3 36.Ke1 Rxe3+
37.Re2 Rxe2+ 38.Kxe2 Bd6  0-1

[Event "9th YM Open"]
[Site "Lausanne SUI"]
[Date "2008.09.19"]
[Round "1"]
[White "Monteverde,J"]
[Black "Boidman,Y"]
[Result "0-1"]
[WhiteElo "1884"]
[BlackElo "2411"]

1.d4 d5 2.c4 c6 3.Nf3 Nf6 4.Nc3 e6 5.e3 Nbd7 6.Qc2 Bd6 7.g4 dxc4 8.e4 e5
9.g5 Nh5 10.Be3 b5 11.O-O-O Qc7 12.d5 O-O 13.dxc6 Qxc6 14.Nxb5 Bc5 15.Bxc5 Qxc5
16.Bxc4 Qe7 17.Nd6 Nb6 18.Bxf7+ Rxf7 19.Nxf7 Kxf7 20.Qb3+ Be6 21.Nxe5+ Kg8
22.Qb5 Bxa2 23.Rd3 Qxg5+ 24.Kd1 Bc4 25.Qc6 Qxe5  0-1

[Event "I Tancats A"]
[Site "Canovelles ESP"]
[Date "2008.09.20"]
[Round "8"]
[White "Pogorelov,R"]
[Black "Lorenzo de la Riva,L"]
[Result "1-0"]
[WhiteElo "2459"]
[BlackElo "2367"]

1.Nf3 d5 2.d4 Nf6 3.c4 c6 4.Nc3 e6 5.e3 a6 6.b3 Bb4 7.Bd2 O-O 8.a3 Be7 9.Qc2 Nbd7
10.Be2 Qc7 11.O-O e5 12.cxd5 cxd5 13.Rfc1 Qb8 14.dxe5 Nxe5 15.Na4 b5 16.Nc5 Nfg4
17.h3 Nxf3+ 18.Bxf3 Qh2+ 19.Kf1 Nf6 20.Bc3 Be6 21.Qb2 Ne8 22.Be5 Bf6 23.Bxf6 Nxf6
24.Qd4 a5 25.Ke2 Qb8 26.Nxe6 fxe6 27.Rc6 Qe8 28.Rac1 e5 29.Bxd5+ Kh8 30.Qc5 Nxd5
31.Qxd5 Qh5+ 32.Ke1 Qf5 33.R6c2 b4 34.axb4 axb4 35.g4 Qf6 36.Qxa8 Rxa8 37.Rc8+ Qd8
38.Rxd8+ Rxd8 39.Rc4 Rb8 40.Rc5 Kg8 41.Rxe5 Kf7 42.Ke2 Kf6 43.Rf5+ Ke6 44.Rf4 Rb7
45.Kd3 g6 46.Kc4 Ke5 47.Kc5 g5 48.Rc4 Rf7 49.f4+ gxf4 50.exf4+ Rxf4 51.Rxf4 Kxf4
52.Kxb4 Kg3 53.Kc5 Kxh3 54.b4 Kxg4 55.b5  1-0

[Event "9th YM Open"]
[Site "Lausanne SUI"]
[Date "2008.09.20"]
[Round "3"]
[White "Ginsburg,G"]
[Black "Elezi,E"]
[Result "1-0"]
[WhiteElo "2520"]
[BlackElo "2234"]

1.c4 Nf6 2.d4 c6 3.Nf3 d5 4.e3 e6 5.Nc3 Nbd7 6.Bd3 Be7 7.O-O O-O 8.b3 b6
9.Bb2 Bb7 10.Qe2 Re8 11.Rad1 a6 12.e4 dxe4 13.Nxe4 Nxe4 14.Qxe4 g6 15.Bc1 Bf6
16.Ne5 Nxe5 17.dxe5 Be7 18.Qf3 Qc7 19.Be4 Red8 20.Bf4 Rac8 21.h3 Rxd1 22.Rxd1 Rd8
23.Rxd8+ Bxd8 24.g4 Be7 25.a4 a5 26.h4 Bd8 27.h5 Be7 28.Kf1 Bf8 29.h6 Be7
30.Ke2 Kf8 31.Bg3 Bg5 32.Qh1 Be7 33.f4 Qd7 34.Bf2 Qc7 35.Qf3 Ke8 36.Bg3 Qd7
37.f5 Bg5 38.fxg6 fxg6 39.Bf4 Bd8 40.Qh1 Kf7 41.Bxg6+ Kg8 42.Be4 Qd4 43.Qf3 Be7
44.Qd3 Qb2+ 45.Kf3 Qa1 46.Kg2 Qb2+ 47.Kg3 Qa1 48.Kh3 Kf8 49.Qf3 Kg8 50.g5 Qg1
51.Be3 Qe1 52.Bxh7+ Kh8 53.Be4 Qc3 54.g6 Qxe5 55.g7+ Kg8 56.h7+ Kxg7 57.Qg4+  1-0

[Event "Chess City 10th Ann Open"]
[Site "Elista RUS"]
[Date "2008.09.21"]
[Round "7"]
[White "Sangadzhiev,G"]
[Black "Tulumdzhiev,A"]
[Result "1/2-1/2"]
[WhiteElo "2159"]
[BlackElo "1905"]

1.d4 Nf6 2.c4 e6 3.Nf3 d5 4.Nc3 c6 5.e3 Be7 6.Bd3 O-O 7.O-O Nbd7 8.e4 dxe4
9.Nxe4 Qc7 10.b3 e5 11.Bb2 Nxe4 12.Bxe4 f5 13.Bc2 e4 14.Ne5 Bd6 15.f4 Rd8
16.Qe2 c5 17.Nxd7 Bxd7 18.Qe3 cxd4 19.Bxd4 Be6 20.c5 Be7 21.b4 a5 22.a3 axb4
23.axb4 Rxa1 24.Bxa1 b6 25.g4 bxc5 26.gxf5 cxb4 27.Qg3 Bc5+ 28.Kh1 Bxf5 29.Bb3+ Kh8
30.Qg5 Rf8 31.Rc1 Qa7 32.Bb2 Bd4 33.Qxf5 Qa8 34.Qxf8+ Qxf8 35.Bxd4 h6 36.Be5 Qa8
37.Be6 e3+ 38.Kg1 Qe4 39.Rc8+ Kh7 40.f5 Qg4+ 41.Bg3 g6 42.fxg6+ Qxg6 43.Rc7+ Kh8
44.Bc4 b3 45.Kf1 Qf5+ 46.Ke2 b2 47.Bd3  1/2-1/2

[Event "EYb18"]
[Site "Herceg Novi MNE"]
[Date "2008.09.21"]
[Round "6"]
[White "Gluszko,T"]
[Black "Boyarchenko,A"]
[Result "1-0"]
[WhiteElo "2225"]
[BlackElo "1941"]

1.d4 d5 2.Nf3 c6 3.c4 Nf6 4.Nc3 e6 5.e3 Nbd7 6.Qc2 Bd6 7.g4 dxc4 8.Bxc4 O-O
9.Bd2 Nd5 10.Ne4 Bc7 11.O-O-O g6 12.h4 b5 13.Be2 Ba5 14.h5 Bxd2+ 15.Qxd2 Qe7
16.hxg6 hxg6 17.Rh6 N7f6 18.Nfg5 Nxe4 19.Nxe4 Kg7 20.Rdh1 Rg8 21.f4 c5 22.Rh7+ Kf8
23.Ng5 Qd6 24.Bxb5 Rg7 25.Rxg7 Kxg7 26.Rh7+ Kg8 27.Rh8+ Kg7 28.Qh2 Qe7 29.Qh6+ Kf6
30.Ne4+  1-0

[Event "EYg16"]
[Site "Herceg Novi MNE"]
[Date "2008.09.22"]
[Round "7"]
[White "Savina,A"]
[Black "Papp,P"]
[Result "1-0"]
[WhiteElo "2269"]
[BlackElo "2118"]

1.d4 d5 2.c4 e6 3.Nc3 c6 4.e3 Nf6 5.Nf3 Nbd7 6.Qc2 Bd6 7.Be2 O-O 8.O-O dxc4
9.Bxc4 a6 10.Rd1 b5 11.Be2 Qc7 12.e4 e5 13.g3 Bb7 14.a3 Rfe8 15.dxe5 Nxe5
16.Bg5 Nxf3+ 17.Bxf3 Be5 18.Bxf6 Bxf6 19.Nd5 Qe5 20.Nxf6+ Qxf6 21.Bg2 Rad8
22.b4 g6 23.Rac1 Rxd1+ 24.Rxd1 Rd8 25.Rxd8+ Qxd8 26.h4 Qd4 27.Kh2 Kg7 28.f4 f6
29.Qc1 Kf7 30.Qg1 Qd6 31.Qa7 Qd7 32.e5 f5 33.Qb8 Bc8 34.Qa8 c5 35.bxc5 Qc7
36.Qd5+ Be6 37.Qd4 Bd7 38.c6 Bc8 39.Bd5+ Be6 40.Bg2 Ke8 41.Qd6 Qxd6 42.exd6 Kd8
43.Kg1 a5 44.Bf1 b4 45.axb4 axb4 46.Bb5 Kc8 47.Ba6+ Kb8 48.c7+ Ka7 49.c8=Q Bxc8
50.Bxc8 b3 51.Be6 b2 52.Ba2 Kb6 53.Kf2 Kc6 54.Ke3 Kxd6 55.Kd4 Kc6 56.Ke5 Kc5
57.Kf6 Kd4 58.Kg7 Ke3 59.Kxh7 Kf3 60.Kxg6  1-0

[Event "Chess City 10th Ann Open"]
[Site "Elista RUS"]
[Date "2008.09.23"]
[Round "9"]
[White "Kovalenko,Ale"]
[Black "Tulumdzhiev,A"]
[Result "1-0"]
[WhiteElo "2263"]
[BlackElo "1905"]

1.Nf3 Nf6 2.d4 e6 3.c4 d5 4.Nc3 c6 5.e3 Be7 6.Bd3 Nbd7 7.O-O Qc7 8.b3 dxc4
9.Bxc4 O-O 10.Bb2 Rd8 11.Qe2 e5 12.dxe5 Nxe5 13.Nxe5 Qxe5 14.Nd5 Qd6 15.Nxe7+ Qxe7
16.Qf3 Ne8 17.Ba3 Qc7 18.Rfd1 Be6 19.Bxe6 fxe6 20.Qf8+  1-0

[Event "EYb12"]
[Site "Herceg Novi MNE"]
[Date "2008.09.24"]
[Round "9"]
[White "Williams,Pe"]
[Black "Andias,J"]
[Result "1/2-1/2"]
[WhiteElo "1867"]
[BlackElo "1672"]

1.d4 d5 2.c4 c6 3.Nf3 Nf6 4.Nc3 e6 5.e3 Bd6 6.Bd3 dxc4 7.Bxc4 Nbd7 8.e4 Bb4
9.Qc2 O-O 10.O-O h6 11.a3 Ba5 12.Ba2 Qe7 13.b4 Bb6 14.e5 Nd5 15.Ne4 Kh8 16.Bd2 f5
17.Nd6 g5 18.b5 cxb5 19.Bxd5 exd5 20.Bb4 Qh7 21.Nxb5 Rg8 22.Nc7 Bxc7 23.Qxc7 Nf8
24.Be7 Nd7 25.Qd6 Re8 26.Bf6+ Nxf6 27.Qxf6+ Kg8 28.Qd6 Be6 29.Rac1 Rad8 30.Qc5 b6
31.Qb5  1/2-1/2

[Event "EYg14"]
[Site "Herceg Novi MNE"]
[Date "2008.09.24"]
[Round "9"]
[White "Vince,A"]
[Black "Efroimski,M"]
[Result "1-0"]
[WhiteElo "2082"]
[BlackElo "2091"]

1.d4 d5 2.c4 e6 3.Nc3 c6 4.e3 Nf6 5.Nf3 Nbd7 6.Bd3 dxc4 7.Bxc4 b5 8.Bd3 Bd6
9.Bd2 O-O 10.Rc1 Bb7 11.Ne4 Nxe4 12.Bxe4 Rc8 13.b4 Qe7 14.Qb3 Kh8 15.O-O Bb8
16.Rfd1 f5 17.Bb1 a6 18.Bc3 Nf6 19.Ne5 Nd5 20.Be1 c5 21.bxc5 Bxe5 22.dxe5 Rxc5
23.Bd2 Rxc1 24.Rxc1 Qg5 25.f3 f4 26.Qd3 g6 27.e4 Ne3 28.Bxe3 fxe3 29.Qe2 Rd8
30.Bd3 Qxe5 31.Qxe3 Qb2 32.Rc2 Qa3 33.Rd2 Qc3 34.Kf2 b4 35.Ke2 Qc7 36.Qg5 Kg7
37.h4 h6 38.Qg4 Qe5 39.f4 Qh5 40.Qxh5 gxh5 41.Rb2 a5 42.Rc2 Rd7 43.Rc5 a4
44.Re5 Bc8 45.Rc5 Bb7 46.Ra5 Bc6 47.Bb5 Bxb5+ 48.Rxb5 Rd4 49.Ke3 Rc4 50.Kd3 Rc3+
51.Kd4 e5+ 52.Kxe5 Rc2 53.Rxb4 Rxa2  1-0

[Event "EYg16"]
[Site "Herceg Novi MNE"]
[Date "2008.09.24"]
[Round "9"]
[White "Tsatsalashvili,K"]
[Black "Paikidze,N"]
[Result "0-1"]
[WhiteElo "2271"]
[BlackElo "2277"]

1.d4 d5 2.c4 c6 3.Nf3 Nf6 4.Nc3 e6 5.e3 Nbd7 6.Bd3 dxc4 7.Bxc4 b5 8.Bd3 Bb7
9.Qe2 a6 10.a4 b4 11.Ne4 Nxe4 12.Bxe4 Qc7 13.O-O c5 14.Bxb7 Qxb7 15.e4 cxd4
16.Nxd4 Nc5 17.f3 Be7 18.Be3 O-O 19.Rfd1 Rfd8 20.e5 Rd5 21.f4 Qd7 22.Qc2 Rc8
23.Rac1 Rd8 24.b3 f5 25.Rf1 Rxd4 26.Bxd4 Qxd4+ 27.Kh1 Nd3 28.Rb1 Bc5 29.h3 Nf2+
30.Kh2 Qxf4+ 31.g3 Ng4+ 32.hxg4 Rd2+ 33.Qxd2 Qxd2+ 34.Kh1 fxg4 35.Rf4 Qd5+
36.Kh2 Qxe5 37.Kg2 Qh5 38.Rh1 Qd5+ 39.Kh2 Qd2+  0-1

[Event "17th CRO-chT 1a"]
[Site "Sibenik CRO"]
[Date "2008.09.27"]
[Round "1"]
[White "Sokolov,Iv NED"]
[Black "Malakhov,V"]
[Result "1/2-1/2"]
[WhiteElo "2658"]
[BlackElo "2689"]

1.d4 d5 2.c4 c6 3.Nf3 Nf6 4.Nc3 e6 5.e3 Nbd7 6.Bd3 dxc4 7.Bxc4 b5 8.Bd3 b4
9.Ne4 Nxe4 10.Bxe4 Bb7 11.a3 bxa3 12.O-O Bd6 13.b3 Nf6 14.Bd3 c5 15.Bxa3 cxd4
16.Bb5+ Ke7 17.Qxd4 a6 18.Be2 Bxa3 19.Rxa3 Qxd4 20.Nxd4 Rhc8 21.Rfa1 Nd5
22.h3 Nb4 23.Ra4 Nc6 24.Nxc6+ Rxc6 25.Rb4 Ra7 26.Bc4 Rd6 27.f3 Bd5 28.Bf1 Rb7
29.Rba4  1/2-1/2

[Event "Tatry Open"]
[Site "Tatranske Zruby SVK"]
[Date "2008.09.27"]
[Round "1"]
[White "Moranda,W"]
[Black "Sromovsky,J"]
[Result "1-0"]
[WhiteElo "2533"]
[BlackElo "2008"]

1.d4 d5 2.c4 e6 3.Nc3 c6 4.e3 Nf6 5.Nf3 Bd6 6.Bd3 Nbd7 7.O-O b6 8.e4 Nxe4
9.Nxe4 dxe4 10.Bxe4 Qc7 11.Re1 O-O 12.Bc2 e5 13.dxe5 Nxe5 14.Nxe5 Bxe5 15.Bxh7+ Kxh7
16.Qh5+ Kg8 17.Qxe5 Qxe5 18.Rxe5 Be6 19.b3 Rad8 20.Re1 b5 21.Bg5 Rd4 22.Be3 Rd7
23.cxb5 cxb5 24.Rac1 a5 25.Rc5 Rb7 26.f4 g6 27.Bd4 a4 28.Re3 Rd7 29.Bc3 Rd5
30.Rxd5 Bxd5 31.Bf6 Be6 32.bxa4 bxa4 33.Re4 Bd7 34.f5 g5 35.g4 Re8 36.Rxe8+ Bxe8
37.a3 Kh7 38.Bxg5 Kg7 39.Kf2 Bc6 40.Kg3 Bd5 41.Bd2 Bb3 42.Kf4 Bd1 43.Bc3+ Kh7
44.g5 Bh5 45.Ke5 Kg7 46.Kf4+ Kh7 47.g6+ fxg6 48.Kg5  1-0

[Event "Tatry Open"]
[Site "Tatranske Zruby SVK"]
[Date "2008.09.27"]
[Round "1"]
[White "Pesout,J"]
[Black "Hagara,V"]
[Result "1-0"]
[WhiteElo "2251"]
[BlackElo "1969"]

1.Nf3 d5 2.d4 Nf6 3.c4 e6 4.Nc3 c6 5.e3 Nbd7 6.Be2 dxc4 7.Bxc4 Be7 8.O-O O-O
9.Qe2 Qc7 10.h3 b6 11.e4 Bb7 12.Be3 e5 13.Rfd1 Rac8 14.Rac1 Qb8 15.a3 h6
16.Kh1 Rfd8 17.dxe5 Nxe5 18.Bf4 Nfd7 19.Rxd7 Rxd7 20.Nxe5 Bf6 21.Nxd7 Qxf4
22.Nxf6+  1-0